| 000 | 00995nam a2200253 i 4500 | ||
|---|---|---|---|
| 001 | 9861 | ||
| 003 | ES-MaACL | ||
| 005 | 20250802101814.0 | ||
| 007 | t| | ||
| 008 | 940314m19901991sp ||||1| cat d | ||
| 020 | _a84-7809-202-1 | ||
| 080 | _a84-311.1/2"18/19" | ||
| 080 | _a84(Proust,M.7 R.03=499) | ||
| 100 | 1 |
_aProust, Marcel, _d1871-1922 _994056 |
|
| 245 | 1 | 0 |
_aA la recerca del temps perdut / _cMarcel Proust ; traducció de Jaume Vidal Alcover, [con la colaboración en el vol. III de] M. Aurèlia Capmany. |
| 250 | _a1ª ed. | ||
| 260 |
_aBarcelona : _bColumna, _c1990-1991. |
||
| 300 |
_a3 v. ; _c24 cm. |
||
| 505 | 8 | _aI. Pel cantó de Swann ; A l'ombra de les noies en flor -- II. El cantó de Guermantes ; Sodoma i Gomorra -- III. La presonera ; Albertine desapareguda ; El temps retrobat | |
| 700 | 1 |
_aVidal Alcover, Jaume. _9114465 |
|
| 700 | 1 |
_aCapmany, Maria Aurèlia, _d1918-1991 _934865 |
|
| 852 |
_aES-MaACL _jL-17293-5 _bR.121929 |
||
| 999 |
_c9861 _d9861 |
||